[Event "Quebec-ch Elite POM"]
[Site "Montreal CAN"]
[Date "2010.10.08"]
[Round "1"]
[White "Luo, Zhao Yang"]
[Black "Libersan, Thierry"]
[Result "0-1"]
[WhiteElo "1829"]
[BlackElo "2101"]
[PlyCount "56"]
[EventDate "2010.10.08"]
[EventType "swiss"]
[EventRounds "7"]
[EventCountry "CAN"]

1. d4 Nf6 2. c4 g6 3. Nc3 Bg7 4. e4 d6 5. Nf3 O-O 6. Be2 e5 7. O-O Nc6 8. d5
Ne7 9. Ne1 Nd7 10. Be3 f5 11. f3 f4 12. Bf2 g5 13. Rc1 Ng6 14. b4 Rf7 15. c5
Nf6 16. a4 h5 17. h3 Bf8 18. cxd6 cxd6 19. Nb5 a6 20. Na7 Bd7 21. a5 g4 22. Bb6
Qb8 23. hxg4 Rxa7 24. Bxa7 Qxa7+ 25. Rf2 hxg4 26. fxg4 Nxe4 27. Nd3 Rh7 28. Bf3
Ng3 0-1

[Event "Quebec-ch Elite POM"]
[Site "Montreal CAN"]
[Date "2010.10.08"]
[Round "1"]
[White "Plante, Michel"]
[Black "Castellanos, Renier"]
[Result "0-1"]
[WhiteElo "2024"]
[BlackElo "2430"]
[PlyCount "82"]
[EventDate "2010.10.08"]
[EventType "swiss"]
[EventRounds "7"]
[EventCountry "CAN"]

1. d4 Nf6 2. Nf3 g6 3. Nc3 d6 4. e4 Bg7 5. Be3 c6 6. a4 O-O 7. Qd2 Bg4 8. Be2
Nbd7 9. h3 Bxf3 10. Bxf3 e6 11. h4 h5 12. Be2 Qa5 13. f3 b5 14. b4 Qxb4 15. Rb1
Qa5 16. axb5 c5 17. O-O cxd4 18. Bxd4 Rfc8 19. Ra1 Nxe4 20. fxe4 Bxd4+ 21. Qxd4
Qxc3 22. Qxd6 Ne5 23. Ra3 Qc5+ 24. Qxc5 Rxc5 25. b6 Rxc2 26. b7 Rb8 27. Rxa7
Rxe2 28. Ra8 Nc6 29. Rc1 Kg7 30. Rxb8 Nxb8 31. Rc8 Rxe4 32. Rxb8 Rb4 33. Kf2
Kf6 34. Ke3 Ke5 35. Kd3 Rd4+ 36. Ke3 Rd7 37. Kf3 Kf5 38. Kg3 Ke4 39. Kh2 Kf4
40. Kh3 Rd3+ 41. Kh2 Rb3 0-1

[Event "Quebec-ch Elite POM"]
[Site "Montreal CAN"]
[Date "2010.10.08"]
[Round "1"]
[White "Rousseau, Daniel"]
[Black "Lepine, Cedric"]
[Result "1-0"]
[WhiteElo "2150"]
[BlackElo "1911"]
[PlyCount "70"]
[EventDate "2010.10.08"]
[EventType "swiss"]
[EventRounds "7"]
[EventCountry "CAN"]

1. e4 Nf6 2. e5 Nd5 3. d4 d6 4. Nf3 Bg4 5. Be2 Nc6 6. O-O dxe5 7. dxe5 e6 8. c4
Nde7 9. Qa4 Ng6 10. Rd1 Qc8 11. Nc3 Bxf3 12. Bxf3 Ngxe5 13. Be4 Bc5 14. Kf1 f5
15. Bxc6+ Nxc6 16. Qb5 Bd6 17. c5 Be5 18. Qc4 O-O 19. Ne2 Rf6 20. Rb1 f4 21.
Bxf4 Bxf4 22. Nxf4 Qf8 23. Nd3 Rd8 24. Re1 Rd4 25. Qb3 Nb4 26. Rxe6 Rxd3 27.
Rxf6+ Rxb3 28. Rxf8+ Kxf8 29. axb3 Nd3 30. Ra1 a6 31. c6 b6 32. Rxa6 Ke7 33.
Ra8 Nf4 34. Ra4 Ne6 35. f4 Nc5 1-0

[Event "Quebec-ch Elite POM"]
[Site "Montreal CAN"]
[Date "2010.10.08"]
[Round "1"]
[White "Villeneuve, Robert"]
[Black "Gagnon, Serge"]
[Result "1/2-1/2"]
[WhiteElo "1879"]
[BlackElo "2129"]
[PlyCount "104"]
[EventDate "2010.10.08"]
[EventType "swiss"]
[EventRounds "7"]
[EventCountry "CAN"]

1. e4 d6 2. d4 Nf6 3. Nc3 g6 4. g3 Bg7 5. Bg2 O-O 6. Nge2 c6 7. O-O Nbd7 8. h3
Qc7 9. a4 a5 10. Be3 e6 11. f4 Nb6 12. b3 Bd7 13. Qe1 Nc8 14. Qf2 Ne7 15. g4 b5
16. Rad1 b4 17. Na2 Ne8 18. f5 exf5 19. gxf5 d5 20. Qh4 Bf6 21. Bg5 Bxg5 22.
Qxg5 f6 23. Qh6 dxe4 24. fxg6 hxg6 25. Rf4 f5 26. Rdf1 Ng7 27. Rh4 Kf7 28. Bxe4
Rh8 29. Qg5 Rxh4 30. Qxh4 Qd6 31. Nac1 Qf6 32. Qxf6+ Kxf6 33. Nd3 Ne6 34. Bg2
Be8 35. Rd1 Rd8 36. Nb2 g5 37. Nc4 Bh5 38. Rd2 Bxe2 39. Rxe2 Rxd4 40. Nxa5 Rd1+
41. Kh2 Nf4 42. Rf2 Nxg2 43. Kxg2 f4 44. h4 Nf5 45. hxg5+ Kxg5 46. Nxc6 Ne3+
47. Kf3 Nd5 48. Ne5 Kf5 49. Nd3 Rh1 50. Re2 Rh3+ 51. Kf2 Kg5 52. Ne5 Kf5
1/2-1/2

[Event "Quebec-ch Elite POM"]
[Site "Montreal CAN"]
[Date "2010.10.08"]
[Round "1"]
[White "Zhu, Hong Rui"]
[Black "Galbadrakh, Enkh-Amar"]
[Result "1/2-1/2"]
[WhiteElo "1935"]
[BlackElo "2195"]
[PlyCount "98"]
[EventDate "2010.10.08"]
[EventType "swiss"]
[EventRounds "7"]
[EventCountry "CAN"]

1. e4 c6 2. d4 d5 3. exd5 cxd5 4. Bd3 Nf6 5. c3 g6 6. Nd2 Bg7 7. Ngf3 O-O 8.
O-O Nbd7 9. Re1 b6 10. Nf1 Bb7 11. Ng3 Re8 12. Bf4 Nf8 13. Bb5 N8d7 14. Ne5 a6
15. Bc6 Qc8 16. Bxb7 Qxb7 17. Qd2 b5 18. h4 h5 19. Bh6 a5 20. Qg5 e6 21. Bxg7
Kxg7 22. Re3 Nxe5 23. Qxe5 Qe7 24. Nxh5+ gxh5 25. Rf3 Rg8 26. Qg5+ Kf8 27. Qxf6
Qxf6 28. Rxf6 b4 29. Rh6 bxc3 30. bxc3 Rc8 31. Rc1 Ke7 32. Rxh5 Rg4 33. Re1
Rxc3 34. Rxd5 Ra3 35. Re2 Rxh4 36. g3 Rg4 37. Kf1 a4 38. Kg2 Rd3 39. Ra5 Rgxd4
40. Rc2 Ra3 41. Rb2 Kf6 42. Rc2 Re4 43. Rb2 Rd4 44. Rc2 e5 45. Re2 e4 46. Rc2
e3 47. fxe3 Rxe3 48. Rf2+ Kg6 49. Ra6+ Re6 1/2-1/2

[Event "Quebec-ch Elite POM"]
[Site "Montreal CAN"]
[Date "2010.10.09"]
[Round "2"]
[White "Arsenault, Nicolas"]
[Black "Chiffot, Nicolas"]
[Result "1-0"]
[WhiteElo "2225"]
[BlackElo "2048"]
[PlyCount "109"]
[EventDate "2010.10.08"]
[EventType "swiss"]
[EventRounds "7"]
[EventCountry "CAN"]

1. e4 e5 2. Nf3 Nc6 3. Nc3 Nf6 4. g3 g6 5. d4 d6 6. dxe5 Nxe5 7. Nxe5 dxe5 8.
Qxd8+ Kxd8 9. Bg5 Be7 10. Rd1+ Nd7 11. Bxe7+ Kxe7 12. Nd5+ Kd8 13. Bh3 c6 14.
Bxd7 cxd5 15. Bxc8 Rxc8 16. Rxd5+ Ke7 17. c3 f6 18. Ke2 Rhd8 19. Rhd1 Rxd5 20.
Rxd5 Ke6 21. Rd3 Rc7 22. h4 h5 23. Rd8 Ke7 24. Ra8 a6 25. Rh8 Ke6 26. f3 Rd7
27. b3 Rc7 28. Kd3 b5 29. Ra8 Rc6 30. Ra7 Rd6+ 31. Kc2 f5 32. Rc7 fxe4 33. fxe4
Rb6 34. c4 Kd6 35. Rc8 Kd7 36. Rc5 bxc4 37. Rxc4 Rf6 38. Ra4 Rf3 39. Rxa6 Rxg3
40. a4 Rg4 41. Kd3 Rxh4 42. Rxg6 Rh3+ 43. Kc4 Re3 44. Rg5 Rxe4+ 45. Kc5 h4 46.
Rh5 Re3 47. b4 h3 48. a5 Rc3+ 49. Kb6 Rc6+ 50. Kb5 Rc3 51. Rxe5 h2 52. Rh5 Rc2
53. a6 Kc7 54. Rh7+ Kb8 55. Kb6 1-0

[Event "Quebec-ch Elite POM"]
[Site "Montreal CAN"]
[Date "2010.10.09"]
[Round "2"]
[White "Bolduc, Steve"]
[Black "Dumont, Felix"]
[Result "1-0"]
[WhiteElo "2281"]
[BlackElo "2078"]
[PlyCount "63"]
[EventDate "2010.10.08"]
[EventType "swiss"]
[EventRounds "7"]
[EventCountry "CAN"]

1. d4 Nf6 2. Nf3 g6 3. Nc3 Bg7 4. e4 d6 5. h3 O-O 6. Be3 c6 7. a4 Qc7 8. Qd2 e5
9. dxe5 dxe5 10. Rd1 Nbd7 11. Bc4 Nh5 12. O-O Nf4 13. Ba2 Nf6 14. Bc5 Nxg2 15.
Kxg2 Bxh3+ 16. Kxh3 Qc8+ 17. Kh2 Bh6 18. Be3 Qg4 19. Ng1 Qh4+ 20. Nh3 Rad8 21.
Qe2 g5 22. Kg2 g4 23. Rh1 Rxd1 24. Qxd1 Bxe3 25. fxe3 Nxe4 26. Nxe4 gxh3+ 27.
Rxh3 Qxe4+ 28. Kf2 Qxa4 29. Qd3 e4 30. Rg3+ Kh8 31. Qc3+ f6 32. Qxf6+ 1-0

[Event "Quebec-ch Elite POM"]
[Site "Montreal CAN"]
[Date "2010.10.09"]
[Round "2"]
[White "Castellanos, Renier"]
[Black "Chabot, Roland"]
[Result "1-0"]
[WhiteElo "2430"]
[BlackElo "2147"]
[PlyCount "81"]
[EventDate "2010.10.08"]
[EventType "swiss"]
[EventRounds "7"]
[EventCountry "CAN"]

1. e4 c5 2. Nf3 e6 3. d4 cxd4 4. Nxd4 Nf6 5. Nc3 d6 6. g4 h6 7. h3 Nc6 8. Be3
a6 9. Qd2 Nxd4 10. Bxd4 e5 11. Be3 Be6 12. f4 exf4 13. Bxf4 Qa5 14. O-O-O Rc8
15. Bxd6 Rxc3 16. Bxf8 Rxf8 17. Qxc3 Qxc3 18. bxc3 Nxe4 19. Rd4 Nc5 20. Bc4 Ke7
21. Rf1 Rc8 22. Rdf4 Bxc4 23. Rxc4 Rc7 24. Re1+ Kf6 25. Rf1+ Ke6 26. Rf5 b6 27.
h4 g6 28. Rf3 f5 29. Rcf4 fxg4 30. Rxg4 Rg7 31. Rgf4 Nd7 32. Re3+ Kd6 33. Rd4+
Kc7 34. Re6 Nf8 35. Rf6 Nd7 36. Rc4+ Kb7 37. Rd6 Nf8 38. Re4 Kc7 39. Rde6 Nd7
40. Rg4 Rf7 41. Rgxg6 1-0

[Event "Quebec-ch Elite POM"]
[Site "Montreal CAN"]
[Date "2010.10.09"]
[Round "2"]
[White "Chevalier, Francois"]
[Black "Plante, Michel"]
[Result "1/2-1/2"]
[WhiteElo "1803"]
[BlackElo "2024"]
[PlyCount "97"]
[EventDate "2010.10.08"]
[EventType "swiss"]
[EventRounds "7"]
[EventCountry "CAN"]

1. d4 d6 2. e4 Nf6 3. Nc3 e5 4. Nf3 Nbd7 5. Bc4 Be7 6. O-O O-O 7. Re1 c6 8. a4
a5 9. b3 exd4 10. Qxd4 Nb6 11. Ba3 Nxc4 12. Qxc4 Be6 13. Qd3 Ne8 14. Rad1 Qc7
15. Nd4 Rd8 16. Nxe6 fxe6 17. Qe3 Rf7 18. Ne2 d5 19. Bxe7 Qxe7 20. exd5 exd5
21. Nd4 Qxe3 22. Rxe3 Nc7 23. Kf1 Kf8 24. Ne6+ Nxe6 25. Rxe6 Re7 26. Rxe7 Kxe7
27. Rd3 Ke6 28. Ke2 d4 29. Rh3 h6 30. Rh5 Rd5 31. Rh4 c5 32. Kd3 Rg5 33. g3 Rf5
34. Re4+ Kd5 35. Re7 Rxf2 36. Rxb7 Rxh2 37. Rxg7 Rf2 38. Rg6 Rf3+ 39. Kd2 c4
40. bxc4+ Kxc4 41. Rxh6 Rxg3 42. Rd6 Ra3 43. Rc6+ Kd5 44. Rc8 Rxa4 45. Kd3 Ra3+
46. Kd2 Ra1 47. Rd8+ Kc5 48. Rc8+ Kd6 49. Rd8+ 1/2-1/2

[Event "Quebec-ch Elite POM"]
[Site "Montreal CAN"]
[Date "2010.10.09"]
[Round "2"]
[White "Cote-Lalumiere, Tristan"]
[Black "Poulin, Mathieu"]
[Result "0-1"]
[WhiteElo "1880"]
[BlackElo "2048"]
[PlyCount "86"]
[EventDate "2010.10.08"]
[EventType "swiss"]
[EventRounds "7"]
[EventCountry "CAN"]

1. e4 c6 2. d4 d5 3. exd5 cxd5 4. Bd3 Nf6 5. c3 Bg4 6. f3 Bh5 7. Bf4 Nc6 8. g4
Bg6 9. h4 Qb6 10. b3 Bxd3 11. Qxd3 e6 12. Ne2 Be7 13. Ng3 Rd8 14. g5 Ng8 15. h5
Bd6 16. Bxd6 Rxd6 17. Nd2 Nge7 18. f4 h6 19. Nf3 Rd8 20. f5 Qc7 21. Rh3 hxg5
22. Nxg5 Qf4 23. Qd2 Qxd2+ 24. Kxd2 exf5 25. Rf1 Rd6 26. Nxf5 Nxf5 27. Rxf5 O-O
28. Rhf3 f6 29. Nh3 Ne7 30. R5f4 Rc8 31. Rg4 b5 32. Nf4 Kh7 33. Ng6 Re6 34.
Nxe7 Rxe7 35. h6 Rc6 36. hxg7 Rxg7 37. Rgf4 Rg2+ 38. Kd3 Kg6 39. Rf5 Rd6 40.
Rf2 Rxf2 41. Rxf2 Ra6 42. c4 bxc4+ 43. bxc4 Ra3+ 0-1

[Event "Quebec-ch Elite POM"]
[Site "Montreal CAN"]
[Date "2010.10.09"]
[Round "2"]
[White "Gagnon, Serge"]
[Black "Zhu, Hong Rui"]
[Result "1-0"]
[WhiteElo "2129"]
[BlackElo "1935"]
[PlyCount "61"]
[EventDate "2010.10.08"]
[EventType "swiss"]
[EventRounds "7"]
[EventCountry "CAN"]

1. d4 d5 2. c4 e6 3. Nc3 Be7 4. Nf3 Nf6 5. Bg5 O-O 6. e3 a6 7. Qc2 Nbd7 8. cxd5
exd5 9. Bd3 c6 10. O-O Re8 11. Rab1 Nf8 12. b4 Bd6 13. a4 Ng6 14. g3 h6 15. Bf4
Bg4 16. Kg2 Nxf4+ 17. exf4 Qd7 18. Ng1 Re7 19. Nd1 Rae8 20. Ne3 Nh5 21. h3 Bxf4
22. Nxg4 Bd6 23. Nf3 Qc7 24. Nfe5 Re6 25. Bh7+ Kf8 26. Bf5 Rf6 27. Nd7+ Kg8 28.
Ndxf6+ gxf6 29. Qd3 Bxg3 30. fxg3 Re2+ 31. Rf2 1-0

[Event "Quebec-ch Elite POM"]
[Site "Montreal CAN"]
[Date "2010.10.09"]
[Round "2"]
[White "Galbadrakh, Enkh-Amar"]
[Black "Corriveau, Philippe"]
[Result "1/2-1/2"]
[WhiteElo "2195"]
[BlackElo "2003"]
[PlyCount "100"]
[EventDate "2010.10.08"]
[EventType "swiss"]
[EventRounds "7"]
[EventCountry "CAN"]

1. e4 c6 2. d4 d5 3. Nc3 dxe4 4. Nxe4 Nd7 5. Nf3 Ngf6 6. Nxf6+ Nxf6 7. Bd3 Bg4
8. c3 e6 9. Bg5 Be7 10. h3 Bh5 11. Be2 Nd7 12. Bf4 O-O 13. O-O c5 14. d5 Bxf3
15. Bxf3 e5 16. d6 exf4 17. dxe7 Qxe7 18. Bxb7 Rad8 19. Re1 Ne5 20. Bd5 Qg5 21.
f3 Nxf3+ 22. Qxf3 Rxd5 23. Rad1 Re5 24. Rf1 h6 25. Qxf4 Qe7 26. Rd2 Re1 27.
Rxe1 Qxe1+ 28. Kh2 g5 29. Qd6 Re8 30. a4 Re6 31. Qb8+ Re8 32. Rd8 Rxd8 33.
Qxd8+ Kg7 34. Qd5 g4 35. Qd3 h5 36. a5 f5 37. Qd7+ Kg6 38. Qd6+ Kg5 39. Qd8+
Kg6 40. Qd6+ Kg5 41. b4 h4 42. hxg4 fxg4 43. Qxc5+ Kf4 44. Qf8+ Kg5 45. Qg7+
Kf5 46. Qh7+ Kg5 47. Qg8+ Kf5 48. Qd5+ Kf4 49. Qd4+ Kf5 50. Qd3+ Kf4 1/2-1/2

[Event "Quebec-ch Elite POM"]
[Site "Montreal CAN"]
[Date "2010.10.09"]
[Round "2"]
[White "Gauthier, Denis"]
[Black "Gras, Guillaume"]
[Result "1/2-1/2"]
[WhiteElo "1920"]
[BlackElo "2094"]
[PlyCount "86"]
[EventDate "2010.10.08"]
[EventType "swiss"]
[EventRounds "7"]
[EventCountry "CAN"]

1. d4 d5 2. c4 c6 3. Nf3 e6 4. e3 f5 5. Bd3 Nf6 6. O-O Bd6 7. b3 O-O 8. Ba3
Bxa3 9. Nxa3 Ne4 10. Nd2 Qa5 11. Nab1 Nd7 12. f3 Nd6 13. Qc2 e5 14. c5 e4 15.
cxd6 exd3 16. Qxd3 Nf6 17. e4 fxe4 18. fxe4 Nxe4 19. Rxf8+ Kxf8 20. Nxe4 Qe1+
21. Qf1+ Qxf1+ 22. Kxf1 dxe4 23. Nc3 Bf5 24. Ke2 Ke8 25. Rf1 Bg6 26. Rf4 Kd7
27. Nxe4 Re8 28. Kf3 Bxe4+ 29. Rxe4 Rxe4 30. Kxe4 Kxd6 31. g4 Ke6 32. h4 b6 33.
b4 a6 34. a3 g6 35. a4 Kd6 36. h5 Ke6 37. hxg6 hxg6 38. a5 bxa5 39. bxa5 g5 40.
Ke3 Kd6 41. Ke4 Ke6 42. Ke3 Kd5 43. Kd3 Kd6 1/2-1/2

[Event "Quebec-ch Elite POM"]
[Site "Montreal CAN"]
[Date "2010.10.09"]
[Round "2"]
[White "Giroux, Robert"]
[Black "Rainfray, Arnaud"]
[Result "0-1"]
[WhiteElo "2070"]
[BlackElo "2408"]
[PlyCount "68"]
[EventDate "2010.10.08"]
[EventType "swiss"]
[EventRounds "7"]
[EventCountry "CAN"]

1. d4 d5 2. c4 e6 3. Nf3 c5 4. cxd5 exd5 5. g3 Nc6 6. Bg2 Nf6 7. O-O Be7 8. Nc3
O-O 9. dxc5 Bxc5 10. Na4 Bd6 11. Be3 Re8 12. Bc5 Bc7 13. Rc1 Bg4 14. h3 Bh5 15.
g4 Bg6 16. Nd4 h5 17. Nxc6 bxc6 18. e3 hxg4 19. hxg4 Be4 20. Nc3 Bxg2 21. Kxg2
Qc8 22. f3 Qe6 23. Rh1 Nd7 24. Qd4 Be5 25. Qb4 Rab8 26. Qa3 Nxc5 27. Qxc5 Rxb2+
28. Kf1 d4 29. Ne4 dxe3 30. Qxe3 Qxa2 31. f4 Qa6+ 32. Ke1 Bc3+ 33. Rxc3 Rxe4
34. Qxe4 Qa1+ 0-1

[Event "Quebec-ch Elite POM"]
[Site "Montreal CAN"]
[Date "2010.10.09"]
[Round "2"]
[White "Lepine, Cedric"]
[Black "Hajiyev, Elshad"]
[Result "1-0"]
[WhiteElo "1911"]
[BlackElo "2126"]
[PlyCount "64"]
[EventDate "2010.10.08"]
[EventType "swiss"]
[EventRounds "7"]
[EventCountry "CAN"]

1. d4 c5 2. d5 Nf6 3. c4 e6 4. Nc3 exd5 5. cxd5 d6 6. e4 g6 7. f4 Bg7 8. e5
dxe5 9. fxe5 Nfd7 10. e6 fxe6 11. dxe6 Qh4+ 12. g3 Bxc3+ 13. bxc3 Qe4+ 14. Qe2
Qxe2+ 15. Bxe2 Nf8 16. e7 Ne6 17. Nf3 Kxe7 18. O-O Nc6 19. Bh6 Bd7 20. Ng5 Ncd8
21. Bc4 b5 22. Bd5 Rb8 23. Rae1 Rb6 24. Bg7 Re8 25. Nxh7 Kd6 26. Bxe6 Rxe6 27.
Rd1+ Kc6 28. Nf8 Rb7 29. Nxe6 Bxe6 30. Bf8 Nf7 31. Rf6 Ng5 32. h4 Rf7 1-0

[Event "Quebec-ch Elite POM"]
[Site "Montreal CAN"]
[Date "2010.10.09"]
[Round "2"]
[White "Qin, Zi Yi (Joey)"]
[Black "Sambuev, Bator"]
[Result "0-1"]
[WhiteElo "2190"]
[BlackElo "2573"]
[PlyCount "86"]
[EventDate "2010.10.08"]
[EventType "swiss"]
[EventRounds "7"]
[EventCountry "CAN"]

1. e4 e6 2. d4 d5 3. Nd2 c5 4. exd5 exd5 5. Bb5+ Bd7 6. Bxd7+ Nxd7 7. Ngf3 Ngf6
8. O-O Be7 9. dxc5 Nxc5 10. Nb3 Nce4 11. Nfd4 Qd7 12. f3 Nd6 13. Re1 O-O 14.
Qd3 Rae8 15. Bg5 Bd8 16. c3 Nc4 17. Qc2 Qc7 18. Nf5 Ng4 19. fxg4 Bxg5 20. Qd3
g6 21. Ng3 Bh4 22. Qxd5 Bxg3 23. hxg3 Rxe1+ 24. Rxe1 Qxg3 25. Re2 b5 26. Nd4
Qf4 27. Qxb5 Ne3 28. Rf2 Qxg4 29. Qe2 Qg5 30. Rf3 Ng4 31. a4 h5 32. b4 Qd8 33.
Qf1 Qc7 34. g3 Re8 35. Qb5 Qe7 36. Kg2 Qe1 37. Qd3 Ne5 38. Qe3 Nxf3 39. Qxf3
Re3 40. Qf4 Qxc3 41. b5 Qd2+ 42. Kh3 Qe1 43. Kg2 Re4 0-1

[Event "Quebec-ch Elite POM"]
[Site "Montreal CAN"]
[Date "2010.10.09"]
[Round "2"]
[White "Roy, Myriam"]
[Black "Lawson, Eric"]
[Result "0-1"]
[WhiteElo "1855"]
[BlackElo "2379"]
[PlyCount "74"]
[EventDate "2010.10.08"]
[EventType "swiss"]
[EventRounds "7"]
[EventCountry "CAN"]

1. e4 c5 2. Nf3 Nc6 3. d4 cxd4 4. Nxd4 Nf6 5. Nc3 d6 6. Be2 Bd7 7. Be3 a6 8.
O-O e6 9. f4 Qc7 10. Nb3 b5 11. Bf3 Rc8 12. a3 h5 13. Qe2 Be7 14. Rad1 g6 15.
Nd4 Na5 16. Bc1 Nc4 17. b3 Nxa3 18. Bxa3 Qxc3 19. e5 dxe5 20. Bxe7 Kxe7 21.
fxe5 Ng4 22. Bxg4 hxg4 23. Rd3 Qc5 24. Qf2 Rh7 25. Qf6+ Ke8 26. Rfd1 Rh5 27.
Rf1 Qe7 28. Qf4 Rc5 29. Re3 b4 30. Ne2 Bb5 31. Rd1 Qg5 32. Qg3 Bxe2 33. Rxe2
Rxe5 34. Red2 Qe3+ 35. Qxe3 Rxe3 36. Rd4 a5 37. Rxg4 Rc3 0-1

[Event "Quebec-ch Elite POM"]
[Site "Montreal CAN"]
[Date "2010.10.09"]
[Round "3"]
[White "Bouchard, Jean-Marc"]
[Black "Galbadrakh, Enkh-Amar"]
[Result "1/2-1/2"]
[WhiteElo "1857"]
[BlackElo "2195"]
[PlyCount "159"]
[EventDate "2010.10.08"]
[EventType "swiss"]
[EventRounds "7"]
[EventCountry "CAN"]

1. e4 c5 2. Nf3 d6 3. d4 cxd4 4. Nxd4 Nf6 5. Nc3 Nc6 6. Bg5 e6 7. Nxc6 bxc6 8.
Qf3 Be7 9. e5 Nd5 10. Bxe7 Qxe7 11. exd6 Qxd6 12. O-O-O Rb8 13. Ne4 Qe5 14. c3
O-O 15. Bd3 f5 16. Qg3 Qf4+ 17. Nd2 Qxg3 18. hxg3 e5 19. Bc4 Bb7 20. Nb3 Rbd8
21. Na5 Ba8 22. Nb3 Rf6 23. Nc5 Rfd6 24. Rh5 Rf8 25. Re1 g6 26. Rh6 Re8 27.
Reh1 Re7 28. g4 Rf6 29. gxf5 Rxf5 30. f3 Rf6 31. Ne4 Rff7 32. Bb3 Rg7 33. Rd1
Kh8 34. Rhh1 Rg8 35. Rd2 Rf8 36. Re1 Kg7 37. c4 Nf4 38. c5 Nd5 39. Rdd1 h6 40.
Nd6 Rf4 41. a3 h5 42. Bc2 h4 43. Re2 Kf6 44. Re4 Rxe4 45. Nxe4+ Kf5 46. Rh1 g5
47. Kd2 Kf4 48. Rg1 Rd7 49. Ke2 Ne3 50. Bd3 Nf5 51. Rd1 Bb7 52. Kf2 Ne3 53. Rd2
g4 54. Nf6 g3+ 55. Kg1 Rd4 56. Ne4 Nxg2 57. Kxg2 Ke3 58. Re2+ Kxd3 59. Nc3 Kc4
60. Rxe5 Rd2+ 61. Re2 Rxe2+ 62. Nxe2 Bc8 63. b4 Bd7 64. f4 Kb3 65. f5 Kxa3 66.
f6 Be6 67. Nd4 Bd5+ 68. Kh3 Kxb4 69. Nxc6+ Kxc5 70. Nxa7 Kd6 71. Nb5+ Ke6 72.
Nc3 Bc4 73. f7 Kxf7 74. Ne2 Be6+ 75. Kxh4 g2 76. Kg3 Bd5 77. Kf2 Kf6 78. Ng3
Kg5 79. Nf1 Kh4 80. Ne3 1/2-1/2

[Event "Quebec-ch Elite POM"]
[Site "Montreal CAN"]
[Date "2010.10.09"]
[Round "3"]
[White "Chabot, Roland"]
[Black "Sarrazin-Gendron, Roman"]
[Result "1-0"]
[WhiteElo "2147"]
[BlackElo "2010"]
[PlyCount "101"]
[EventDate "2010.10.08"]
[EventType "swiss"]
[EventRounds "7"]
[EventCountry "CAN"]

1. d4 Nf6 2. c4 g6 3. Nc3 Bg7 4. e4 d6 5. Nf3 O-O 6. Be2 e5 7. O-O Na6 8. Be3
Ng4 9. Bg5 f6 10. Bh4 g5 11. Bg3 f5 12. exf5 Bxf5 13. dxe5 Nxe5 14. Nxe5 dxe5
15. Qd5+ Qxd5 16. Nxd5 Rf7 17. Bh5 Rd7 18. Rad1 Be6 19. Rfe1 c6 20. Bxe5 cxd5
21. Bxg7 Rxg7 22. Rxe6 dxc4 23. Rde1 Rc7 24. R1e5 Rc5 25. Bf3 Rd8 26. Rxc5 Nxc5
27. Re5 b6 28. Bd5+ Kg7 29. Bxc4 Rd1+ 30. Bf1 Kf6 31. Re3 Rb1 32. b3 a5 33. f3
Ra1 34. Re2 Na6 35. Rd2 Nb4 36. a4 Ke5 37. Kf2 Ra2 38. Rxa2 Nxa2 39. Ke3 Kd5
40. Bc4+ Kc5 41. g3 Kb4 42. f4 gxf4+ 43. gxf4 Nc1 44. f5 Nxb3 45. Bxb3 Kxb3 46.
f6 Kxa4 47. f7 b5 48. f8=Q b4 49. Kd3 Ka3 50. Kc4 h5 51. Qf3+ 1-0

[Event "Quebec-ch Elite POM"]
[Site "Montreal CAN"]
[Date "2010.10.09"]
[Round "3"]
[White "Chiffot, Nicolas"]
[Black "Roy, Myriam"]
[Result "0-1"]
[WhiteElo "2048"]
[BlackElo "1855"]
[PlyCount "42"]
[EventDate "2010.10.08"]
[EventType "swiss"]
[EventRounds "7"]
[EventCountry "CAN"]

1. e4 c5 2. Nf3 d6 3. d4 cxd4 4. Nxd4 Nf6 5. Nc3 Nc6 6. g3 e6 7. Bg2 Bd7 8. Nb3
Be7 9. O-O O-O 10. f4 a6 11. a4 Na5 12. Nxa5 Qxa5 13. Qd3 Bc6 14. Bd2 Qc7 15.
b4 b5 16. axb5 axb5 17. Kh1 Qb7 18. h3 Rfd8 19. Qe3 d5 20. exd5 Nxd5 21. Nxd5
Bxd5 0-1

[Event "Quebec-ch Elite POM"]
[Site "Montreal CAN"]
[Date "2010.10.09"]
[Round "3"]
[White "Corriveau, Philippe"]
[Black "Qin, Zi Yi (Joey)"]
[Result "0-1"]
[WhiteElo "2003"]
[BlackElo "2190"]
[PlyCount "64"]
[EventDate "2010.10.08"]
[EventType "swiss"]
[EventRounds "7"]
[EventCountry "CAN"]

1. e4 c5 2. Nc3 d6 3. g3 Nc6 4. Bg2 g6 5. d3 Bg7 6. Be3 e5 7. f4 Nge7 8. Nh3
O-O 9. O-O f5 10. Qd2 Nd4 11. fxe5 dxe5 12. Bh6 f4 13. Bxg7 Kxg7 14. Ng5 h6 15.
Nf3 Nxf3+ 16. Bxf3 g5 17. Kh1 Nc6 18. gxf4 exf4 19. Rg1 Ne5 20. Raf1 Kh7 21.
Nd5 Be6 22. c4 Qd6 23. Bd1 f3 24. b3 Bh3 25. Rf2 Bg2+ 26. Rgxg2 fxg2+ 27. Kxg2
Rxf2+ 28. Kxf2 Rf8+ 29. Kg1 Rf3 30. d4 cxd4 31. Qg2 Rf8 32. Bh5 d3 0-1

[Event "Quebec-ch Elite POM"]
[Site "Montreal CAN"]
[Date "2010.10.09"]
[Round "3"]
[White "Dumont, Felix"]
[Black "Gauthier, Denis"]
[Result "0-1"]
[WhiteElo "2078"]
[BlackElo "1920"]
[PlyCount "107"]
[EventDate "2010.10.08"]
[EventType "swiss"]
[EventRounds "7"]
[EventCountry "CAN"]

1. e4 d6 2. d4 Nf6 3. Nc3 g6 4. f4 Bg7 5. Nf3 O-O 6. Bd3 Na6 7. O-O c5 8. Bxa6
cxd4 9. Nxd4 bxa6 10. Kh1 Bb7 11. Re1 e5 12. Nb3 Nh5 13. fxe5 Bxe5 14. Nd4 Rc8
15. Be3 f5 16. Bf2 Nf4 17. Bg3 Qg5 18. Nf3 Qf6 19. Bxf4 Bxf4 20. Nd5 Bxd5 21.
Qxd5+ Kh8 22. exf5 Rxc2 23. fxg6 Qxg6 24. Nd4 Qh6 25. h3 Rd2 26. Rad1 Rxd1 27.
Rxd1 Be5 28. Nf3 Bf4 29. Qd4+ Kg8 30. Qxa7 Be3 31. Qb7 Bc5 32. a3 Qe3 33. Qd5+
Kh8 34. b4 Bb6 35. Qd3 Qf2 36. Rf1 Qg3 37. Qxa6 Bc7 38. Qa7 d5 39. Qg1 Rf6 40.
Qd4 Be5 41. Qg1 Bc7 42. Rc1 Rxf3 43. Rxc7 Qxc7 44. Qd4+ Kg8 45. Qg4+ Kh8 46.
Qxf3 Qc1+ 47. Kh2 Qc7+ 48. Qg3 Qc4 49. Qd6 Kg7 50. a4 d4 51. a5 d3 52. a6 d2
53. Qxd2 Qxa6 54. Qd6 0-1

[Event "Quebec-ch Elite POM"]
[Site "Montreal CAN"]
[Date "2010.10.09"]
[Round "3"]
[White "Forget, Luc"]
[Black "Gagnon, Serge"]
[Result "1-0"]
[WhiteElo "1949"]
[BlackElo "2129"]
[PlyCount "98"]
[EventDate "2010.10.08"]
[EventType "swiss"]
[EventRounds "7"]
[EventCountry "CAN"]

1. d4 d6 2. Nf3 Nc6 3. c4 e5 4. d5 Nce7 5. Nc3 f5 6. e4 f4 7. c5 Ng6 8. cxd6
Bxd6 9. Bb5+ Kf8 10. Bd2 Nh6 11. Rc1 Nf7 12. Be2 Nh4 13. Nxh4 Qxh4 14. Nb5 Qe7
15. Bg4 Bd7 16. Bxd7 Qxd7 17. a4 Ke7 18. O-O a6 19. Na3 g5 20. Nc4 g4 21. Re1
h5 22. Bxf4 exf4 23. e5 Nxe5 24. Qd4 Rae8 25. Nxe5 Bxe5 26. Rxe5+ Kd8 27. Qxf4
Rxe5 28. Qxe5 Re8 29. Qxh5 Qxa4 30. Qg5+ Kd7 31. h3 gxh3 32. Qg7+ Kd6 33. Qxc7+
Kxd5 34. Qxb7+ Kd4 35. b3 Qb5 36. Rc4+ Kd3 37. Qh7+ Kd2 38. Qc2+ Ke1 39. Qc1+
Ke2 40. Rc2+ Kd3 41. Rd2+ Ke4 42. Qc2+ Kf4 43. Rd4+ Kg5 44. Qd2+ Kg6 45. Rd6+
Kf7 46. Qf4+ Kg7 47. Qf6+ Kg8 48. Qg6+ Kf8 49. Rf6+ Ke7 1-0

[Event "Quebec-ch Elite POM"]
[Site "Montreal CAN"]
[Date "2010.10.09"]
[Round "3"]
[White "Gras, Guillaume"]
[Black "Clyde, Jordan"]
[Result "1/2-1/2"]
[WhiteElo "2094"]
[BlackElo "2007"]
[PlyCount "114"]
[EventDate "2010.10.08"]
[EventType "swiss"]
[EventRounds "7"]
[EventCountry "CAN"]

1. d4 Nf6 2. Nf3 b6 3. c4 e6 4. g3 Bb7 5. Bg2 d6 6. O-O Be7 7. Nc3 O-O 8. Qc2
d5 9. cxd5 exd5 10. Nh4 g6 11. Bh6 Re8 12. Rac1 Ng4 13. Bf4 c6 14. e4 Na6 15.
exd5 cxd5 16. h3 Nf6 17. Bg5 Nc7 18. Qb3 Ne6 19. Be3 Ne4 20. Nf3 Ba6 21. Nxd5
Bxf1 22. Nxe7+ Rxe7 23. Rxf1 Rc8 24. h4 Nd6 25. Ne5 Nf5 26. Nc6 Rxc6 27. Bxc6
Nfxd4 28. Qa4 Nxc6 29. Qxc6 Rc7 30. Qe4 Qc8 31. h5 f5 32. Qe5 f4 33. Bxf4 Rc5
34. Qb8 Nxf4 35. Qxf4 Rxh5 36. Rc1 Rc5 37. Rxc5 bxc5 38. Qc4+ Kg7 39. b4 Kf6
40. bxc5 Qe6 41. Qh4+ Kg7 42. Qd4+ Kf7 43. a4 h5 44. Kg2 g5 45. Qc3 Qd5+ 46.
Qf3+ Ke6 47. Qxd5+ Kxd5 48. f4 g4 49. c6 Kxc6 50. Kf2 Kd5 51. Ke3 Ke6 52. Ke4
Kf6 53. a5 a6 54. f5 Kf7 55. Ke3 Ke7 56. Kd4 Kf7 57. Ke4 Ke7 1/2-1/2